Central Library OPAC University of Rajshahi

No longer young : (Record no. 6378)

MARC details
000 -LEADER
fixed length control field 01075cam a2200277 i 4500
001 - CONTROL NUMBER
control field 6378
003 - CONTROL NUMBER IDENTIFIER
rucl marc code BD-RjUL
005 - DATE AND TIME OF LATEST TRANSACTION
control field 20211208234231.0
008 - FIXED-LENGTH DATA ELEMENTS--GENERAL INFORMATION
fixed length control field 110114s1978 miu s10010 engm
035 ## - SYSTEM CONTROL NUMBER
System control number (BD-RjUL)
040 ## - CATALOGING SOURCE
Original cataloging agency DLC
Transcribing agency DLC
Modifying agency m.c.
-- MBU
Language of cataloging eng
041 ## - LANGUAGE CODE
Language code of text/sound track or separate title eng
082 ## - DEWEY DECIMAL CLASSIFICATION NUMBER
Classification number 362.6
Author mark and year NOL 1978
090 ## - LOCALLY ASSIGNED LC-TYPE CALL NUMBER (OCLC); LOCAL CALL NUMBER (OCLC)
Classification number (OCLC) (R) ; Classification number, CALL (RLIN) (NR) HQ1064.U5
Local cutter number (OCLC) ; Book number/undivided call number, CALL (RLIN) C593 1973a
111 20 - MAIN ENTRY--MEETING NAME
Meeting name or jurisdiction name as entry element Conference on Aging
Number of part/section/meeting (26th :
Date of meeting 1973 :
Location of meeting University of Michigan)
9 (RLIN) 20093
245 10 - TITLE STATEMENT
Title No longer young :
Remainder of title work group reports from the 26th Annual Conference on Aging /
Statement of responsibility, etc. with an introd. by Natalie P. Trager.
260 ## - PUBLICATION, DISTRIBUTION, ETC. (IMPRINT)
Place of publication, distribution, etc. [Ann Arbor,] :
Name of publisher, distributor, etc. Institute of Gerontology, University of Michigan-Wayne State University,
Date of publication, distribution, etc. c1974 [Printed 1978]
300 ## - PHYSICAL DESCRIPTION
Pagination xvi, 120 p. ;
Size 25 cm.
650 #0 - SUBJECT ADDED ENTRY--TOPICAL TERM
Topical term or geographic name as entry element Older people
Geographic subdivision United States
General subdivision Congresses.
9 (RLIN) 20094
Topical term or geographic name as entry element Women
Geographic subdivision United States
General subdivision Congresses.
9 (RLIN) 20095
Topical term or geographic name as entry element Women
General subdivision in middle age
-- congresses.
9 (RLIN) 20096
Topical term or geographic name as entry element Women
General subdivision in old age
-- congresses.
9 (RLIN) 20097
710 20 - ADDED ENTRY--CORPORATE NAME
Corporate name or jurisdiction name as entry element University of Michigan.
Subordinate unit Institute of Gerontology.
9 (RLIN) 20098
942 ## - ADDED ENTRY ELEMENTS (KOHA)
Source of classification or shelving scheme Dewey Decimal Classification
Koha item type Books
Holdings
Lost status Source of classification or shelving scheme Damaged status Not for loan Collection code Permanent Location Current Location Shelving location Date acquired Source of acquisition Total Checkouts Full call number Date last seen Copy number Koha item type
  Dewey Decimal Classification   Not For Loan Non-fiction Central Library, University of Rajshahi Central Library, University of Rajshahi   14/07/1985 Asia Foundation   362.6 NOL 1978 11/01/2014 C-1 Books